00363nam a2200121Ia 4500008004100000082001800041100002100059245004300080260002600123365000600149630004300155730004300198100415s9999 xx 000 0 und d b6522a580(54) aMAHESHWARI, J.K. aThe Flora of Delhi: FOR REFERENCE ONLY aNEW DELHIc1963bCSIR b0 aThe Flora of Delhi: FOR REFERENCE ONLY aThe Flora of Delhi: FOR REFERENCE ONLY